The Scottish Building Act explained (Record no. 74639)

MARC details
000 -LEADER
fixed length control field 01863cab a2200301 4500
001 - CONTROL NUMBER
control field ABS68413
008 - FIXED-LENGTH DATA ELEMENTS--GENERAL INFORMATION
fixed length control field 041126n2004 000 0 eng u
035 ## - SYSTEM CONTROL NUMBER
System control number (Sirsi) u128162
100 ## - MAIN ENTRY--PERSONAL NAME
Personal name Mair, W.
245 #4 - TITLE STATEMENT
Title The Scottish Building Act explained
260 ## - PUBLICATION, DISTRIBUTION, ETC.
Date of publication, distribution, etc. 2004
490 ## - SERIES STATEMENT
Series statement RICS Building Surveying Faculty: The Journal
Volume/sequential designation (12) November 2004, 14-15(2)
520 ## - SUMMARY, ETC.
Summary, etc. Briefly introduces the new Building (Scotland) Act 2003, which comes into force in May 2005. The Act is divided into six parts, most of which introduce new concepts or methodologies for the governance of the use and safety of buildings. Article overviews the whole Act highlighting Part I which introduces Building Standard Assessments; Part II deals with Building Warrants and Completion Certificates; Part III concerns the issuing of Building Regulations Compliance Notices; Part IV covers defective and dangerous buildings; Part V is more general and confirms the continuance of the Building Standards Advisory Committee; and Part VI contains various schedules on the provisions of the Act. Recommends that building surveyors practising in Scotland should regularly consult the Scottish Building Standards Agency website for updated information. SBSA website available at www.sbsa.gov.uk.
590 ## - LOCAL NOTE (RLIN)
Local note ABS
650 ## - SUBJECT ADDED ENTRY--TOPICAL TERM
Topical term or geographic name entry element SCOTLAND
650 ## - SUBJECT ADDED ENTRY--TOPICAL TERM
Topical term or geographic name entry element BUILDING (SCOTLAND) ACT 2003
650 ## - SUBJECT ADDED ENTRY--TOPICAL TERM
Topical term or geographic name entry element BUILDING STANDARDS ADVISORY COMMITTEE
650 ## - SUBJECT ADDED ENTRY--TOPICAL TERM
Topical term or geographic name entry element SCOTTISH BUILDING STANDARDS AGENCY
650 ## - SUBJECT ADDED ENTRY--TOPICAL TERM
Topical term or geographic name entry element BUILDING REGULATIONS COMPLIANCE NOTICES
650 ## - SUBJECT ADDED ENTRY--TOPICAL TERM
Topical term or geographic name entry element BUILDING STANDARD ASSESSMENTS
650 ## - SUBJECT ADDED ENTRY--TOPICAL TERM
Topical term or geographic name entry element BUILDING WARRANTS
650 ## - SUBJECT ADDED ENTRY--TOPICAL TERM
Topical term or geographic name entry element BUILT ENVIRONMENT-BUILDING CONTRACT FORMS-CERTIFICATES OF COMPLETION
650 ## - SUBJECT ADDED ENTRY--TOPICAL TERM
Topical term or geographic name entry element BUILDING REGULATIONS
9 (RLIN) 6224
650 ## - SUBJECT ADDED ENTRY--TOPICAL TERM
Topical term or geographic name entry element BUILDING CONTROL
9 (RLIN) 6222
650 ## - SUBJECT ADDED ENTRY--TOPICAL TERM
Topical term or geographic name entry element DEFECTIVE BUILDINGS
690 ## - LOCAL SUBJECT ADDED ENTRY--TOPICAL TERM (OCLC, RLIN)
Topical term or geographic name as entry element BUILT ENVIRONMENT-BUILDING STANDARDS
942 ## - ADDED ENTRY ELEMENTS (KOHA)
Suppress in OPAC 0
Holdings
Withdrawn status Lost status Source of classification or shelving scheme Damaged status Not for loan Home library Current library Shelving location Date acquired Total Checkouts Full call number Barcode Date last seen Copy number Price effective from Koha item type
    Dewey Decimal Classification     London London Journal article 26/11/2004   ABS68413 128162-1001 06/08/2019 1 06/08/2019 Journal article